Statistics for Top 10 Asian Countries by Coastline

Click here to take the quiz!

General Stats

  • This quiz has been taken 25,575 times
    (14,202 since last reset)
  • The average score is 9 of 10

Answer Stats

Kilometers Country % Correct
16,800China
99%
11,000India
97%
15,500Japan
97%
52,500Indonesia
97%
52,900Russia
92%
17,300Philippines
89%
5,780Vietnam
88%
5,270Malaysia
87%
6,330Myanmar
70%
5,160Turkey
52%

Score Distribution

Percentile by Number Answered

Percent of People with Each Score

Your Score History

You have not taken this quiz since the last reset